Пропуск в контексте

Иностранный язык региона специализации. Корейский язык для начинающих учебное пособие

Учебное пособие предназначено для студентов 1 курса направления 41.03.01 «Зарубежное регионоведение» (Азиатские исследования) и состоит из 14 уроков. Каждый урок включает в себя объяснение грамматики, упражнения на ее закрепление и словарь с необходимой лексикой в рамках урока....

全面介绍

Сохранить в:
书目详细资料
主要作者: Захарова Е. В.
格式: Книга
语言:Russian
出版: Новосибирск НГТУ 2023
在线阅读:https://e.lanbook.com/book/404708
https://e.lanbook.com/img/cover/book/404708.jpg
标签: 添加标签
没有标签, 成为第一个标记此记录!
LEADER 01563nam0a2200265 i 4500
001 404708
003 RuSpLAN
005 20240419165204.0
008 240419s2023 ru gs 000 0 rus
020 |a 978-5-7782-4940-0 
040 |a RuSpLAN 
041 0 |a rus 
044 |a ru 
084 |a 81.754.41-923  |2 rubbk 
245 0 0 |a Иностранный язык региона специализации. Корейский язык для начинающих  |b учебное пособие  |c Захарова Е. В. 
260 |a Новосибирск  |b НГТУ  |c 2023 
300 |a 140 с. 
504 |a Библиогр.: доступна в карточке книги, на сайте ЭБС Лань 
520 8 |a Учебное пособие предназначено для студентов 1 курса направления 41.03.01 «Зарубежное регионоведение» (Азиатские исследования) и состоит из 14 уроков. Каждый урок включает в себя объяснение грамматики, упражнения на ее закрепление и словарь с необходимой лексикой в рамках урока. 
521 8 |a Книга из коллекции НГТУ - Языкознание и литературоведение 
521 8 |a СЭБ 
100 1 |a Захарова Е. В. 
856 4 |u https://e.lanbook.com/book/404708 
856 4 8 |u https://e.lanbook.com/img/cover/book/404708.jpg 
953 |a https://e.lanbook.com/img/cover/book/404708.jpg 
Cannot write session to /tmp/vufind_sessions/sess_6mss0d4i77b2193a0b2rugjith